000 00580nam a2200169Ia 4500
005 20250923145128.0
008 008 250917s9999 xx 000 0 eng d
037 _aTextual
040 _aDSWL
_beng
_cDSWL
041 _aeng
_2eng
084 _aV2:1941'N6<-N49t4, N68
_qDSWL
100 _aGandre, Robert
_9832052
245 0 _aHistory of sino-Indian relations from 1949 - to the present time
_cby Robert Gandre
260 _aUSA
_bProgramme University of Wisconsin
_c1968
942 _cTEXL
_hV2:1941'N6<-N49t4, N68
999 _c1447495
_d1447495